000 00910nam a22002177a 4500
003 OSt
005 20260518091213.0
008 260518b xxu||||| |||| 00| 0 eng d
040 _cBMC
082 _a624
100 1 _aAlvarado Pleitéz, Daniel Nehemías
_950401
245 1 0 _aPasantía realizada en GLINSA S.A. de C.V.
_b: Informe final de pasantía
_cDaniel Nehemías Alvarado Pleitéz
260 _aSanta Ana (El Salvador)
_bUniversidad Católica de El Salvador
_c2026
300 _a121 h.
_c28 cm
_e+ 1 disco compacto
500 _aPrecede al tít.: Universidad Católica de El Salvador, Facultad de Ingeniería y Arquitectura
502 _aPara optar al título de Ingeniero Civil
505 _aPeríodo de realización: julio 2025 a enero 2026
650 2 4 _98218
_aIngeniería civil
710 2 _91166
_aUniversidad Católica de El Salvador
_bFacultad de Ingeniería y Arquitectura
942 _2ddc
_cTG
999 _c36665
_d36665